Auswanderungen Uruguay - Statistiken

Allgemein
  • Dieses Quiz wurde 74 mal gespielt
  • Das Durchschnittsergebnis liegt bei 8 aus 10
Antwortstatistiken
Platz Land Anzahl % Korrekt
1. Argentinien 117.564
100%
4. Brasilien 47.304
100%
3. Vereinigte Staaten 48.234
98%
10. Chile 5.308
92%
8. Kanada 6.795
89%
2. Spanien 75.539
88%
5. Frankreich 10.859
79%
7. Italien 7.446
76%
6. Australien 9.376
71%
9. Israel 6.202
12%
Keine übereinstimmenden Quizze gefunden
Verteilung der Resultate
Anzahl Personen mit jedem Resultat
Perzentil nach korrekt beantworteten Fragen
Ihre Resultats-Entwicklung
Sie haben dieses Quiz noch nicht gespielt